Pokémon de la quatrième génération - Mort subite - Statistiques

Statistiques générales
  • Ce quiz a été pris 95 fois
  • Le résultat moyen est 10 sur 15
Answers on the Grid
Answers color-coded by a green-red scale on the quiz's grid according to % correct below.
Boskara
Lucario
Regigigas
Flambusard
Méga-Lockpin
Baudrive
Phogleur
Scorplane
Mime Jr.
Nymphali
Méditikka
Farfuret de Hisui
Drascore
Stalgamin
Rozbouton
Blizzaroi
Motisma
Gardevoir
Manaphy
Keunotor
Papinox
Magnéton
Évoli Gigamax
Korillon
Ursaking
Archéodong
Pijako
Zoroark
Porygon2
Élekable
 
Statistiques - réponses
Réponse % Correct
Boskara
92%
Lucario
89%
Regigigas
89%
Baudrive
79%
Mime Jr.
63%
Keunotor
58%
Motisma
58%
Blizzaroi
56%
Drascore
56%
Rozbouton
56%
Élekable
55%
Manaphy
55%
Archéodong
53%
Pijako
53%
Korillon
44%
Aucun quiz correspondant
Distribution des résultats
% des personnes avec chaque résultat
Percentile par nombre de réponses
Votre historique - résultats
Vous n’avez pas pris ce quiz